000
00260nam a2200097Ia 4500
001
690327
005
20250826161814.0
008
250824s9999 xx 000 0 und d
245
0
_a
KÜRT MESELESİ İLE YÜZLEŞMEK
_c
OSMAN GÜZELGÖZ
260
_b
TİMAŞ YAYINLARI
999
_c
690327
_d
690327